000 00766cam a2200241 a 4500
008
020 _a0070107939 (pbk.)
049 _aMAIN
090 _aTP149 CAL
245 0 0 _aCalculator programs for chemical engineers /
_cedited by Vincent Cavaseno and the staff of Chemical engineering.
260 _aNew York :
_bChemical Engineering,
_c1982
300 _a328 p. ;
_bill. ;
_c29 cm.
500 _aIncludes Index.
650 0 _aChemical engineering
_xComputer programs.
650 0 _aProgrammable calculators.
700 1 _aCavaseno, Vincent.
700 _aChemicl engineering.
907 _a.b10070631
_b08-03-07
_c17-04-03
003
005 20230123134245.0
040 _cNUST
942 _cBOOKS
_kTP149 CAL
999 _c162767
_d162767